Better - Gracie Abrams - Statistics

General Stats
  • This quiz has been taken 45 times
  • The average score is 251 of 266
Answer Stats
Hint Answer % Correct
a
100%
all
100%
and
100%
better
100%
feel
100%
hope
100%
Outro Hope
100%
I
100%
if
100%
it
100%
now
100%
so
100%
Chorus | Pre-Chorus So
100%
that's
100%
was
100%
you
100%
about
94%
around
94%
Verse 1 Don't
94%
don't
94%
giving
94%
good
94%
in
94%
me
94%
talk
94%
up
94%
want
94%
we
94%
what
94%
when
94%
you're
94%
accidental
89%
at
89%
bad
89%
bed
89%
but
89%
empty
89%
for
89%
head
89%
is
89%
left
89%
let
89%
mad
89%
my
89%
not
89%
nothing
89%
of
89%
oh
89%
see
89%
slow
89%
the
89%
'til
89%
together
89%
us
89%
wanna
89%
were
89%
barely
83%
been
83%
happened
83%
Bridge I'd
83%
i'd
83%
Pre-Chorus I'm
83%
i'm
83%
looking
83%
off
83%
on
83%
pedal
83%
same
83%
shirt
83%
smaller
83%
two
83%
you'd
83%
you've
83%
car
78%
eyes
78%
foot
78%
Verse 2 It's
78%
know
78%
leveled
78%
out
78%
perfume
78%
turn
78%
while
78%
clothes
72%
cry
72%
fit
67%
larger
67%
old
56%
No matching quizzes found
Score Distribution
Percent of People with Each Score
Percentile by Number Answered
Your Score History
You have not taken this quiz